=LDR 00000nam 2200000 4500 =001 INLIS000000000025075 =005 20130612123619 =008 ***********************************Ind** =035 ##$$0010-061300000025075 =041 ##$$a Ind =082 ##$$a 028.5 =090 ##$$a 028.5, Yus r =100 ##$$a Yusuf abdul Tawwab =245 ##$$a Rintihan pohon kurma, Abdul Tawab Yusuf =260 ##$$a 2003 $b Jakarta =300 ##$$a 20 hlm, ilus, 29 cm =650 ##$$a Kisah teladan =850 ##$$a NBPNMAT